Model agreements for sustainable water management systems (Record no. 105937)
[ view plain ]
| 000 -LEADER | |
|---|---|
| fixed length control field | 01167cam a2200277 4500 |
| 001 - CONTROL NUMBER | |
| control field | ##L135168 |
| 008 - FIXED-LENGTH DATA ELEMENTS--GENERAL INFORMATION | |
| fixed length control field | 061003n2004 000 0 eng u |
| 020 ## - INTERNATIONAL STANDARD BOOK NUMBER | |
| International Standard Book Number | 0860176258 |
| 035 ## - SYSTEM CONTROL NUMBER | |
| System control number | (Sirsi) u135168 |
| 041 0# - LANGUAGE CODE | |
| Language code of text/sound track or separate title | eng |
| 050 04 - LIBRARY OF CONGRESS CALL NUMBER | |
| Classification number | 697 $2 18 |
| 100 1# - MAIN ENTRY--PERSONAL NAME | |
| Personal name | Shaffer, Paul |
| 245 00 - TITLE STATEMENT | |
| Title | Model agreements for sustainable water management systems |
| Remainder of title | model agreements for SUDS |
| 260 ## - PUBLICATION, DISTRIBUTION, ETC. | |
| Place of publication, distribution, etc. | London |
| Name of publisher, distributor, etc. | CIRIA |
| Date of publication, distribution, etc. | 2004 |
| 300 ## - PHYSICAL DESCRIPTION | |
| Extent | 4v. in slip case |
| Dimensions | 30cm. + |
| Accompanying material | 1 CD-ROM |
| 490 #0 - SERIES STATEMENT | |
| Series statement | CIRIA |
| Volume/sequential designation | (C625) |
| 520 ## - SUMMARY, ETC. | |
| Summary, etc. | Offers guidance on using and developing maintenance agreements for Sustainable Drainage Systems (SUDS). Model agreements are provided for planning obligation: incorporating SUDS provisions and a SUDS maintenance framework agreement and a sample private SUDS model agreement is also included. |
| 651 #4 - SUBJECT ADDED ENTRY--GEOGRAPHIC NAME | |
| Geographic name | England and Wales |
| Chronological subdivision | 1543- |
| 690 ## - LOCAL SUBJECT ADDED ENTRY--TOPICAL TERM (OCLC, RLIN) | |
| Topical term or geographic name as entry element | BUILT ENVIRONMENT-BUILDING ELEMENTS-COMPLETE BUILDING SERVICES ELEMENTS-COMPLETE WATER SUPPLY SYSTEMS |
| 700 1# - ADDED ENTRY--PERSONAL NAME | |
| Personal name | Elliott, Craig |
| 700 1# - ADDED ENTRY--PERSONAL NAME | |
| Personal name | Reed, Jon |
| 700 1# - ADDED ENTRY--PERSONAL NAME | |
| Personal name | Holmes, John |
| 700 1# - ADDED ENTRY--PERSONAL NAME | |
| Personal name | Ward, Martin |
| 710 2# - ADDED ENTRY--CORPORATE NAME | |
| Corporate name or jurisdiction name as entry element | Construction Industry Research and Information Association |
| 9 (RLIN) | 4810 |
| 942 ## - ADDED ENTRY ELEMENTS (KOHA) | |
| Suppress in OPAC | 0 |
| Withdrawn status | Lost status | Source of classification or shelving scheme | Damaged status | Not for loan | Home library | Current library | Shelving location | Date acquired | Total Checkouts | Full call number | Barcode | Date last seen | Copy number | Price effective from | Koha item type |
|---|---|---|---|---|---|---|---|---|---|---|---|---|---|---|---|
| Dewey Decimal Classification | London | London | Folio | 03/10/2006 | F697 SHA | 30072374 | 06/08/2019 | 1 | 06/08/2019 | Book |